| 000 | 00733nam a2200193 a 4500 | ||
|---|---|---|---|
| 001 | 000040678 | ||
| 005 | 20201002034310.0 | ||
| 008 | 130905s2007 sp 000 0 spa d | ||
| 020 | _a9788478841547 | ||
| 040 |
_aDO-SdBNP _bspa _cBNPHU |
||
| 245 | 0 | 0 |
_aEducación de calle : _bhacia un modelo de intervencion en marginacion juvenil / _ccoordinación Mercedes Arquero. |
| 250 | _a4a. ed. | ||
| 260 |
_aMadrid : _bAsociacion Cultural La Kalle Mercedes Arquero, _c2007. |
||
| 300 |
_a191 p. ; _c22 cm. |
||
| 490 | 1 |
_aPromocion cultural. _aSerie Tiempo libre _v6 |
|
| 700 | 1 |
_aArquero, Mercede _ecoor. _967044 |
|
| 710 | 2 |
_aAsociacion Cultural La Kalle Mercedes Arquero _967045 |
|
| 830 | 0 |
_aPromocion cultural. _pSerie Tiempo libre _n6 _967046 |
|
| 999 |
_c40168 _d40168 |
||